| 000 | 00949nam a2200205 i 4500 | ||
|---|---|---|---|
| 001 | 152179 | ||
| 003 | ES-MaACL | ||
| 005 | 20250824074920.0 | ||
| 008 | 931025s1874 sp |||| | spa d | ||
| 100 | 1 |
_aBlanc, Luis, _d1834-1887 _9126003 |
|
| 245 | 1 | 3 |
_aEl sorteo _b: drama en tres actos, en prosa / _coriginal de Luis Blanc. |
| 260 |
_aMadrid : _b[Alonso Gullon], _c1874 ( _fImprenta de José Rodriguez) |
||
| 300 |
_a59 p. ; _c18 cm. |
||
| 490 | 1 | _aEl Teatro: Colección de obras dramaticas y liricas | |
| 594 | _aEn port.: Consta que fue estrenado en el Teatro de Novedades, el 27 de Noviembre de 1874. | ||
| 596 | _aEditor tomado de cub. | ||
| 830 | 0 | 3 |
_aEl teatro: colección de obras dramática y líricas _9221753 |
| 852 |
_aES-MaACL _jF-8590(8) _z-- Enc. pasta española, falto de la cub. original _z-- Enc. en un vol. facticio, formando parte de la col. facticia "Teatro español moderno", vol. 43 |
||
| 999 |
_c152179 _d152179 |
||